Normal view
MARC view
- Pits
Entry Personal Name
001 - CONTROL NUMBER
- control field: 21235
003 - CONTROL NUMBER IDENTIFIER
- control field: IT-RoPau
005 - DATE AND TIME OF LATEST TRANSACTION
- control field: 20140418170454.0
008 - FIXED-LENGTH DATA ELEMENTS
- fixed length control field: 140418|| aca||aabn | a|a d
040 ## - CATALOGING SOURCE
- Original cataloging agency: IT-RoPau
- Transcribing agency: IT-RoPau
100 ## - HEADING--PERSONAL NAME
- Personal name: Pits
- Dates associated with a name: Codice autore musica SPICS: 20469
- Relator term: Autore musica
- Name of part/section of a work: It's Too Soon To Know
670 ## - SOURCE DATA FOUND
- Source citation: Work cat.: (IT-RoPau)100489: AA.VV. 794, Jazz. Gli uomini, gli strumenti, gli stili 19